00923nam a22002297a 450000500170000001000150001702000260003203500130005803700130007108200140008410000280009824501700012625000440029626000460034027000730038630000270045950000190048670000160050594200280052199900170054995201270056620130910124539.0 aENG-108310 a9789350353301c995.00 aEN-91843 bDBAD/PUB a346.54078 aAiyer, S. Krishnamurthi10aLaw of insolvency :cby S. Krishnamurthi Aiyer [and] S. B. Malikbcommentary on the Provincial insolvency act, 1920 including model forms in insolvency proceedings / a7th thoroughly rev.ed by Vineeta Bansal aNew DelhibUniversal Law Publishingc2013 aC-FF-1A, Dilkhush Industrial Estate, G.T. Karnal RoadbDelhie110033 alxxxvi,698p.c25cm(Hb) aIncludes index aMalik, S.B. 2ddccENmAIYh346.54078 c78568d78568 001040718NFICaDBADbDBADd2013-08-16eDBAD/PUBg995.00l0o346.54078 AIYpEN-91843r2013-08-16 00:00:00t1v995.00yEN